000 00321nam a22001457a 4500
008 221114b ||||| |||| 00| 0 eng d
020 _a605658
041 _aeng
080 _a621
082 _a621 GAL
100 _a19.1
101 _aMATE
245 _aON MOTION AND ON MECHANICS
_cGALILEO GALILEI
942 _2udc
_cBK
999 _c58896
_d58896